International marketing : (Record no. 127507)

MARC details
000 -LEADER
fixed length control field 00741nam a22002417a 4500
005 - DATE AND TIME OF LATEST TRANSACTION
control field 20170124110026.0
010 ## - LIBRARY OF CONGRESS CONTROL NUMBER
LC control number A-314439
020 ## - INTERNATIONAL STANDARD BOOK NUMBER
Terms of availability 00.00
International Standard Book Number 0046582576
035 ## - SYSTEM CONTROL NUMBER
System control number A-314439
037 ## - SOURCE OF ACQUISITION
Source of stock number/acquisition Cen Lib/Ret
040 ## - CATALOGING SOURCE
Original cataloging agency DPL
Language of cataloging EN
082 ## - DEWEY DECIMAL CLASSIFICATION NUMBER
Classification number 658.8
Item number MAJ
100 ## - MAIN ENTRY--PERSONAL NAME
Dates associated with a name Majaro, Simon
9 (RLIN) 20685
245 ## - TITLE STATEMENT
Title International marketing :
Statement of responsibility, etc by Simon Majaro
Remainder of title a strategic approach to world markets /
250 ## - EDITION STATEMENT
Edition statement 2nd ed
260 ## - PUBLICATION, DISTRIBUTION, ETC. (IMPRINT)
Place of publication, distribution, etc London
Name of publisher, distributor, etc George Allen & Unwin
Date of publication, distribution, etc 1982
270 ## - ADDRESS
City London
Address 40 museum street
300 ## - PHYSICAL DESCRIPTION
Extent 307p.
Dimensions 21cm(Hb)
500 ## - GENERAL NOTE
General note Includes bibliographical references and index
650 ## - SUBJECT ADDED ENTRY--TOPICAL TERM
Topical term or geographic name as entry element Export marketing
9 (RLIN) 7864
650 ## - SUBJECT ADDED ENTRY--TOPICAL TERM
Topical term or geographic name as entry element Management development
9 (RLIN) 20686
942 ## - ADDED ENTRY ELEMENTS (KOHA)
Source of classification or shelving scheme Dewey Decimal Classification
Koha item type English Books
Classification part 658.8
Call number suffix MAJ
Holdings
Withdrawn status Lost status Damaged status Not for loan Home library Current library Date acquired Source of acquisition Cost, normal purchase price Total Checkouts Full call number Barcode Date last seen Copy number Cost, replacement price Price effective from Koha item type Public note
Written off       Central Library Central Library 29/06/2015 Cen Lib/Ret 0.00   658.8 MAJ A-314439 29/06/2015 1 0.00 29/06/2015 English Books Written off on approval by DLB (By Circulation); dtd 15-06-2023

© Delhi Public Library
Hit Counter
free hit counter